000 00693nam a2200205Ia 4500
003 OSt
005 20220926044618.0
006 a|||||r|||| 00| 0
007 ta
008 220923b |||||||| |||| 00| 0 eng d
037 _cGeneral Book
040 _aRTL
_cRTL
_beng
041 _2eng
_aeng
082 _aY31:7:7.2.N59t4, GD
110 _aIndia, Community Development and Cooperation (M/O-)
_9349221
245 0 _aSample survey of progressive farmers visiting the world agriculture fair, December 1959 to February 1960
700 _aIndia, Community Development and Cooperation (M/O-)
_9349222
942 _hY31:7:7.2.N59t4, GD
_cGB
_2CC
999 _c675314
_d675314